| 000 | 00000nam 2200000za 4500 |
| 001 | 9.800962 |
| 003 | CaOODSP |
| 005 | 20221107134716 |
| 007 | cr ||||||||||| |
| 008 | 160506s2015 onc o f000 0 fre d |
| 020 | |a978-0-660-02385-4 |
| 040 | |aCaOODSP|bfre |
| 043 | |an-cn--- |
| 086 | 1 |aFo4-55/2-2015F-PDF |
| 245 | 00|aQuestions et réponses |h[ressource électronique] : |bgestion durable des forêts. |
| 246 | 30|aGestion durable des forêts |
| 260 | |a[Ottawa] : |bRessources naturelles Canada, |cc2015. |
| 300 | |a[4] p. |
| 500 | |aPublié aussi en anglais sous le titre : Questions and answers : sustainable forestry management. |
| 530 | |aÉgalement publié en version imprimée. |
| 692 | 07|2gccst|aGestion forestière |
| 692 | 07|2gccst|aDéveloppement durable |
| 710 | 1 |aCanada.|bRessources naturelles Canada. |bService canadien des forêts. |
| 775 | 08|tQuestions and answers |w(CaOODSP)9.800961 |
| 776 | 0#|tAménagement forestier durable au Canada : |w(CaOODSP)9.802069 |
| 856 | 40|qPDF|s217 Ko|uhttps://publications.gc.ca/collections/collection_2016/rncan-nrcan/Fo4-55-2-2015-fra.pdf |
| 986 | |aNuméro de catalogue : 36174 |